Workers and Management : Tanzanian Studies Series no 4. (Record no. 2220)

MARC details
005 - DATE AND TIME OF LATEST TRANSACTION
control field 20250509075251.0
082 ## - DEWEY DECIMAL CLASSIFICATION NUMBER
Classification number 653.315 PAM
245 ## - TITLE STATEMENT
Title Workers and Management : Tanzanian Studies Series no 4.
260 ## - PUBLICATION, DISTRIBUTION, ETC.
Place of publication, distribution, etc. Dar Es Salaam,
Name of publisher, distributor, etc. Tanzania Publishing House,
Date of publication, distribution, etc. 1976.
300 ## - PHYSICAL DESCRIPTION
Extent Vii, 257p.: ill.; table
Dimensions 17cm.
700 ## - ADDED ENTRY--PERSONAL NAME
Other authors/Editors MAPOLU, H.
942 ## - ADDED ENTRY ELEMENTS (KOHA)
Source of classification or shelving scheme Dewey Decimal Classification
Koha item type Books
Holdings
Date last seen Total checkouts Full call number Barcode Cost, replacement price Price effective from Koha item type Lost status Source of classification or shelving scheme Damaged status Not for loan Withdrawn status Home library Current library Shelving location Date acquired Cost, normal purchase price
05/09/2025   653.315 MAP 0000008584 30000.00 05/09/2025 Books   Dewey Decimal Classification       College of Business Education Main Library College of Business Education Main Library General Collection 05/09/1980 10000.00